UBT Library

E drejta ndërkombëtare publike : (Record no. 392)

000 -LEADER
fixed length control field 00439nam a22001577a 4500
008 - FIXED-LENGTH DATA ELEMENTS--GENERAL INFORMATION
fixed length control field 140115b xxu||||| |||| 00| 0 alb d
020 ## - INTERNATIONAL STANDARD BOOK NUMBER
Linkage 9992751231
080 ## - UNIVERSAL DECIMAL CLASSIFICATION NUMBER
Universal Decimal Classification number 341.1/.8
100 ## - Rafti
Rafti Puto, Arben
245 ## - TITLE STATEMENT
Title E drejta ndërkombëtare publike :
Statement of responsibility, etc Arben Puto
250 ## -
-- Botimi i 7
260 ## -
-- Tiranë :
-- Albin,
-- 2002
300 ## -
-- 552 f. ;
-- 23 cm.
650 #0 -
-- E drejta ndërkombëtare
942 ## - ADDED ENTRY ELEMENTS (KOHA)
Source of classification or shelving scheme
Item type Books
Holdings
Withdrawn status Lost status Source of classification or shelving scheme Damaged status Not for loan Collection code Permanent location Current location Date acquired Total Checkouts Full call number Barcode Date last seen Koha item type
          Koleksioni i përgjithshem UBT - Prishtine UBT - Prishtine 01/15/2014   341.1/.8 PUT 001-000526 01/15/2014 Books
UBT Library © 2015-2024. All rights reserved University Education for Business and Technology